000 00264nam a22001217a 4500
082 _a001
_bCHR/B
100 _aTHE CHRISTADELPHIANS
245 _aBIBLE Q & A
260 _aHYDERABAD
_bTHE CHRISTADELPHIANS
300 _a32
650 _aSPIRITUAL
_zINDIA
942 _cBK
999 _c4774
_d4774